00443 2200181 4500001002100000005001500021035002000036007000300056008004100059082000800100084001400108100001300122245003300135250000600168260005200174300002100226600001400247INLIS00000000000092620220614093327 a0010-0622000070ta220614 g 0 ind  a895 a895 ISN d0 aIsnawati1 aDarah Istihadhah /cIsnawati a1 aJakarta Selatan :bRumah Fikih Publising,c2019 a44 hlm. ;c20 cm 4aNon Fiksi